Statistics for Countries by First and Last Letter #1

Click here to take the quiz!

General Stats

  • This quiz has been taken 124,244 times
    (124,202 since last reset)
  • The average score is 13 of 24

Answer Stats

First LetterCountryLast Letter% Correct
NNepalL
79%
CChadD
77%
FFinlandD
75%
VVietnamM
73%
JJamaicaA
68%
KKuwaitT
68%
HHondurasS
65%
NNigerR
63%
BBelizeE
60%
GGabonN
57%
LLesothoO
54%
SSenegalL
53%
DDjiboutiI
51%
PPortugalL
50%
NNorwayY
48%
TThailandD
48%
IIsraelL
46%
EEgyptT
44%
UUkraineE
42%
LLuxembourgG
41%
EEswatiniI
39%
PPhilippinesS
36%
NNetherlandsS
33%
MMozambiqueE
28%

Score Distribution

Percentile by Number Answered

Percent of People with Each Score

Your Score History

You have not taken this quiz since the last reset